[Event "SR 2. liga A 2015/2016"]
[Site "?"]
[Date "2015.12.05"]
[Round "5.2"]
[White "Puskar, Peter"]
[Black "Gasa, Patrik"]
[Result "1-0"]
[WhiteElo "2128"]
[BlackElo "2111"]
[PlyCount "141"]
[EventDate "2015.??.??"]

1. d4 g6 2. g3 Bg7 3. Bg2 c5 4. Nf3 cxd4 5. Nxd4 Nc6 6. Nb3 Nf6 7. Nc3 O-O 8.
O-O d6 9. h3 Be6 10. e4 Rc8 11. Be3 Qd7 12. Kh2 Ne5 13. Nd5 Nxd5 14. exd5 Bf5
15. Nd4 Nc4 16. Bc1 h5 17. b3 Nb6 18. c4 a5 19. Be3 Na8 20. Qd2 a4 21. Rae1
axb3 22. axb3 Rfe8 23. Bf4 Nc7 24. f3 b5 25. g4 hxg4 26. fxg4 Bxg4 27. hxg4
Qxg4 28. Bh3 Qh4 29. Nf3 Qh5 30. Kg3 f5 31. Rh1 bxc4 32. bxc4 Rb8 33. Rb1 Rxb1
34. Rxb1 Na6 35. Qe3 Nc5 36. Rb5 Ne4+ 37. Kg2 Ra8 38. Qb3 Kh7 39. Rb8 Ra1 40.
Qc2 Ra3 41. Rb3 Ra1 42. Qe2 Bf6 43. Re3 Rb1 44. Ng5+ Bxg5 45. Qxh5+ gxh5 46.
Bxf5+ Kg7 47. Rxe4 Rb2+ 48. Kf3 Bf6 49. Re2 Rb3+ 50. Ke4 Rc3 51. Rg2+ Kh8 52.
Be6 Rxc4+ 53. Kf5 Kh7 54. Bxd6 Rc1 55. Bf4 Rf1 56. Bg8+ Kh8 57. Bf7 h4 58. Kg4
Kg7 59. Be6 Kg6 60. Bf5+ Kf7 61. Kh5 e5 62. Be6+ Ke7 63. Bd2 Rb1 64. Be3 Kd6
65. Rc2 e4 66. Bf4+ Ke7 67. Rc7+ Ke8 68. d6 e3 69. Rc8+ Bd8 70. Rxd8+ Kxd8 71.
Bg5+ 1-0

[Event "SR 2. liga A 2015/2016"]
[Site "?"]
[Date "2015.12.05"]
[Round "5.2"]
[White "Sturdik, Igor"]
[Black "Pericka, Tomas"]
[Result "1/2-1/2"]
[WhiteElo "1973"]
[BlackElo "1994"]
[PlyCount "88"]
[EventDate "2015.??.??"]

1. e4 c5 2. Nf3 Nc6 3. d4 cxd4 4. Nxd4 g6 5. Nc3 Bg7 6. Be3 Nf6 7. f3 Qa5 8.
Nb3 Qc7 9. Qd2 a6 10. O-O-O b5 11. Bh6 O-O 12. h4 d6 13. h5 Be6 14. g4 Ne5 15.
Bxg7 Kxg7 16. Be2 Rfc8 17. h6+ Kg8 18. g5 b4 19. Nb1 Ne8 20. f4 Nc4 21. Bxc4
Qxc4 22. Qd3 Qxd3 23. Rxd3 a5 24. Kd2 a4 25. Nc1 d5 26. Rd4 dxe4 27. Rxb4 e3+
28. Kxe3 Rxc2 29. a3 Nc7 30. Nc3 f6 31. N1e2 Bb3 32. Rb1 fxg5 33. fxg5 Ne6 34.
Nd4 Nxd4 35. Kxd4 Rg2 36. Rb5 Rd8+ 37. Ke3 Bc4 38. Re5 Rd3+ 39. Kf4 Rf2+ 40.
Kg4 Rdf3 41. Ne4 Rf4+ 42. Kg3 R4f3+ 43. Kg4 Rf4+ 44. Kg3 R4f3+ 1/2-1/2

[Event "SR 2. liga A 2015/2016"]
[Site "?"]
[Date "2015.12.05"]
[Round "5.2"]
[White "Nemeckay, Rastislav"]
[Black "Puchart, Vladimir"]
[Result "1/2-1/2"]
[WhiteElo "1991"]
[BlackElo "2031"]
[PlyCount "44"]
[EventDate "2015.??.??"]

1. e4 c5 2. Nf3 d6 3. Bb5+ Bd7 4. Qe2 e6 5. O-O Nf6 6. c3 Bxb5 7. Qxb5+ Qd7 8.
Qe2 Nc6 9. Rd1 Be7 10. d4 cxd4 11. Nxd4 O-O 12. Bf4 a6 13. Nf3 Rfd8 14. Nbd2
Rac8 15. Nf1 Na5 16. Ng3 Qc6 17. Rd3 b5 18. Rad1 Qb6 19. Bg5 Qc7 20. h3 Nc4 21.
Nd4 Ne5 22. R3d2 Nc4 1/2-1/2

[Event "SR 2. liga A 2015/2016"]
[Site "?"]
[Date "2015.12.05"]
[Round "5.2"]
[White "Kolenak, Matus"]
[Black "Diviak, Rastislav"]
[Result "0-1"]
[WhiteElo "2011"]
[BlackElo "1942"]
[PlyCount "98"]
[EventDate "2015.??.??"]

1. d4 Nf6 2. Nf3 d5 3. g3 e6 4. Bg2 c5 5. c3 Nc6 6. O-O Be7 7. Bf4 O-O 8. Nbd2
cxd4 9. cxd4 Bd6 10. e3 b6 11. Qa4 Bb7 12. a3 Qd7 13. Kh1 Rfc8 14. b4 Bxf4 15.
gxf4 Ne7 16. Qb3 Rc7 17. Rfc1 Rac8 18. Rxc7 Qxc7 19. Bf1 Ne4 20. Kg1 Nf5 21. a4
Nxd4 22. exd4 Qxf4 23. Nxe4 dxe4 24. Ne5 Qd2 25. Rd1 Qg5+ 26. Qg3 Qf6 27. Qe3
Qe7 28. b5 Qb4 29. Rc1 Rxc1 30. Qxc1 f6 31. Qc4 Qd6 32. Nc6 f5 33. Bg2 h6 34.
Qb4 Qc7 35. Qc4 Qd6 36. Qc3 Qf4 37. Qe3 Qg4 38. Qg3 Qd1+ 39. Bf1 Kh7 40. h3 Qd2
41. Qe3 Qc2 42. Nd8 Bd5 43. Qa3 Qd1 44. Qc3 e3 45. fxe3 Qf3 46. Qd2 Qg3+ 47.
Bg2 Bxg2 48. Qxg2 Qxe3+ 49. Qf2 Qg5+ 0-1

[Event "SR 2. liga A 2015/2016"]
[Site "?"]
[Date "2015.12.05"]
[Round "5.2"]
[White "Ulehla, Jakub"]
[Black "Mosny, Jaroslav"]
[Result "1-0"]
[WhiteElo "1666"]
[BlackElo "1971"]
[PlyCount "59"]
[EventDate "2015.??.??"]

1. e4 e5 2. Nf3 d6 3. d4 exd4 4. Nxd4 g6 5. Bc4 Bg7 6. O-O Nf6 7. Nc3 O-O 8.
Bg5 c6 9. Qd2 Qc7 10. Rad1 Nbd7 11. a4 Nc5 12. Rfe1 Re8 13. Qf4 Nh5 14. Qf3 Be5
15. h3 Ng7 16. Bf6 Nge6 17. Bxe5 dxe5 18. Nde2 Kg7 19. Rd2 Rd8 20. Rxd8 Qxd8
21. Rd1 Qe7 22. Qg3 f6 23. h4 a5 24. h5 g5 25. h6+ Kg6 26. Kh2 Nf4 27. Nxf4+
exf4 28. Qf3 Nd7 29. Be2 Ne5 30. Qh5# 1-0

[Event "SR 2. liga A 2015/2016"]
[Site "?"]
[Date "2015.12.05"]
[Round "5.3"]
[White "Bronis, Marian"]
[Black "Gabris, Ondrej"]
[Result "1-0"]
[WhiteElo "2125"]
[BlackElo "2213"]
[PlyCount "93"]
[EventDate "2015.??.??"]

1. d4 Nf6 2. c4 e5 3. dxe5 Ng4 4. Nh3 Nc6 5. e3 d6 6. Be2 Ncxe5 7. O-O Qh4 8.
f4 Ng6 9. Nc3 Be7 10. Nd5 Bd8 11. f5 N6e5 12. Rf4 h5 13. Bd2 c6 14. Be1 cxd5
15. Bxh4 Bxh4 16. cxd5 Bd8 17. Bb5+ Kf8 18. Qb3 Bb6 19. Re1 Ke7 20. Nf2 g5 21.
fxg6 fxg6 22. Ne4 Bf5 23. h3 Nh6 24. Kh1 Bxe4 25. Rxe4 Nf5 26. Rf4 Rhf8 27. Kh2
g5 28. Rff1 g4 29. Rf4 Rac8 30. Ref1 g3+ 31. Kh1 Nxe3 32. Rxf8 Rxf8 33. Rxf8
Kxf8 34. Qb4 Nf7 35. Qf4 Nxd5 36. Qxg3 Nf6 37. Qf3 Kg7 38. Bc4 Ne5 39. Qxb7+
Kg6 40. Bb3 Ned7 41. Be6 Ne5 42. g4 hxg4 43. hxg4 Be3 44. Bf5+ Kh6 45. Qe7
Nexg4 46. Bxg4 Nxg4 47. Qh4+ 1-0

[Event "SR 2. liga A 2015/2016"]
[Site "?"]
[Date "2015.12.05"]
[Round "5.3"]
[White "Madar, Martin"]
[Black "Sukuba, Zdeno"]
[Result "0-1"]
[WhiteElo "2110"]
[BlackElo "2130"]
[PlyCount "80"]
[EventDate "2015.??.??"]

1. e4 c6 2. d4 d5 3. e5 Bf5 4. h4 Na6 5. g4 Bd7 6. f4 e6 7. c4 h5 8. gxh5 dxc4
9. Bxc4 Nh6 10. Nc3 Qb6 11. Nf3 Nf5 12. a3 O-O-O 13. Na4 Qc7 14. Bxa6 Qa5+ 15.
b4 Qxa6 16. Qc2 Be8 17. Bb2 Ne3 18. Qe2 Qxe2+ 19. Kxe2 Nd5 20. Bc1 Rxh5 21. Kd3
b6 22. Nc3 Kb7 23. Be3 Be7 24. Rag1 g6 25. Ng5 Nc7 26. Kc4 Ra8 27. Nce4 a5 28.
Bd2 Rd8 29. Ng3 Rh8 30. bxa5 Nb5 31. Nf3 c5 32. Be3 Nxa3+ 33. Kc3 Bc6 34. a6+
Kxa6 35. Ra1 cxd4+ 36. Nxd4 Bxh1 37. Nxh1 Rxh4 38. Nf2 Kb7 39. Kb3 Bc5 40. Kc3
Bxd4+ 0-1

[Event "SR 2. liga A 2015/2016"]
[Site "?"]
[Date "2015.12.05"]
[Round "5.3"]
[White "Biro, Karol"]
[Black "Janos, Ivan"]
[Result "1/2-1/2"]
[WhiteElo "2082"]
[BlackElo "2057"]
[PlyCount "103"]
[EventDate "2015.??.??"]

1. c4 Nf6 2. Nf3 d6 3. d4 Nbd7 4. Nc3 e5 5. g3 Be7 6. Bg2 O-O 7. O-O c6 8. Qc2
a6 9. h3 Qc7 10. Be3 Re8 11. Rac1 Nf8 12. Na4 e4 13. Nd2 b5 14. cxb5 axb5 15.
Nc3 d5 16. Nxb5 Qa5 17. Nc3 Ne6 18. f3 Qc7 19. fxe4 Qxg3 20. Rf3 Qh4 21. Bf2
Qh5 22. e5 Nd7 23. Qf5 Ng5 24. Rg3 Nf8 25. Qf4 Nxh3+ 26. Bxh3 Bxh3 27. Qf3 Qxf3
28. Rxf3 Bg4 29. Rg3 h5 30. e4 Bg5 31. Be3 Bh4 32. Rg2 Ne6 33. exd5 cxd5 34. b4
Rec8 35. Nb3 Rc4 36. Nxd5 Rxc1+ 37. Nxc1 Bf3 38. Nb6 Bxg2 39. Kxg2 Ra3 40. d5
Rxe3 41. dxe6 Ra3 42. exf7+ Kxf7 43. Nc4 Rc3 44. Nd6+ Ke6 45. Ne2 Rc2 46. Kf3
Rxa2 47. Nc4 Kd5 48. Nc3+ Kxc4 49. Nxa2 Be7 50. Nc3 Bxb4 51. Ne4 Be7 52. Ng3
1/2-1/2

[Event "SR 2. liga A 2015/2016"]
[Site "?"]
[Date "2015.12.05"]
[Round "5.3"]
[White "Michal, Silvio"]
[Black "Petreje, Juraj"]
[Result "1-0"]
[WhiteElo "2115"]
[BlackElo "2070"]
[PlyCount "73"]
[EventDate "2015.??.??"]

1. c4 c5 2. Nf3 Nc6 3. Nc3 Nf6 4. d4 g6 5. d5 Nb8 6. e4 d6 7. Bg5 Bg7 8. Nd2 e5
9. Be2 a6 10. a4 Nbd7 11. Nf1 Qc7 12. Ng3 h6 13. Be3 Nf8 14. Qd2 Ng4 15. Bxg4
Bxg4 16. f3 Bd7 17. f4 exf4 18. Bxf4 O-O-O 19. O-O f6 20. a5 h5 21. e5 dxe5 22.
d6 Qc6 23. Nd5 Qxd6 24. Ne4 Qe6 25. Nxc5 Qe8 26. Nxb7 Kxb7 27. Qb4+ Bb5 28.
cxb5 Qxb5 29. Qxb5+ axb5 30. a6+ Kc6 31. Ne7+ Kc7 32. Rfc1+ Kd7 33. Rd1+ Kxe7
34. Rxd8 Kxd8 35. a7 exf4 36. a8=Q+ Ke7 37. Re1+ 1-0

[Event "SR 2. liga A 2015/2016"]
[Site "?"]
[Date "2015.12.05"]
[Round "5.3"]
[White "Mandak, Miroslav"]
[Black "Gazi, Mikulas"]
[Result "1-0"]
[WhiteElo "2016"]
[BlackElo "2067"]
[PlyCount "119"]
[EventDate "2015.??.??"]

1. e4 c5 2. Nf3 Nc6 3. Bb5 d6 4. c3 Bd7 5. O-O Nf6 6. Re1 a6 7. Bf1 Bg4 8. h3
Bh5 9. g4 Bg6 10. d3 e5 11. Bg2 Be7 12. Nh4 Qd7 13. Nxg6 hxg6 14. Nd2 b5 15. a4
O-O 16. Nf3 b4 17. Bg5 Rab8 18. d4 Nh7 19. Bxe7 Qxe7 20. Qd3 a5 21. Qc4 bxc3
22. bxc3 exd4 23. cxd4 Rb4 24. Qa6 Nxd4 25. Nxd4 Rxd4 26. Qxa5 Ng5 27. Re3 Rb8
28. Qe1 Rb2 29. Re2 Rxe2 30. Qxe2 Ne6 31. Qe3 Qf6 32. Ra2 Rd1+ 33. Kh2 Nd4 34.
a5 Qe6 35. Ra3 Nc2 36. Qb3 Qe5+ 37. f4 Qxf4+ 38. Qg3 Qc1 39. Rb3 Nb4 40. e5 d5
41. Rc3 Qd2 42. Rxc5 g5 43. a6 Ra1 44. e6 fxe6 45. a7 Kh7 46. Rc7 Qd1 47. h4
Qg1+ 48. Kh3 Rxa7 49. Be4+ dxe4 50. Qxg1 Rxc7 51. Qd4 Nd5 52. Qxe4+ g6 53. hxg5
Rc3+ 54. Kh2 Re3 55. Qc4 Kg7 56. Qd4+ Kf7 57. Qa7+ Ke8 58. Qg7 Nf4 59. Qh8+ Ke7
60. Qf6+ 1-0

[Event "SR 2. liga A 2015/2016"]
[Site "?"]
[Date "2015.12.05"]
[Round "5.3"]
[White "Hartl, Jan"]
[Black "Kebis, Milos"]
[Result "1-0"]
[WhiteElo "2025"]
[BlackElo "1960"]
[PlyCount "82"]
[EventDate "2015.??.??"]

1. e4 e5 2. Nf3 Nc6 3. Bc4 Nf6 4. d3 Be7 5. O-O O-O 6. c3 a6 7. Re1 d6 8. Bb3
b5 9. h3 Bb7 10. Nbd2 Re8 11. Nf1 Na5 12. Bc2 c5 13. a4 Nc6 14. axb5 axb5 15.
Rxa8 Bxa8 16. Ng3 Bf8 17. d4 cxd4 18. cxd4 Qc7 19. Bb1 g6 20. Qb3 Rb8 21. Bg5
Nd7 22. Ba2 Nb6 23. Qxb5 exd4 24. Rc1 Nd7 25. Qd5 Nc5 26. Nh5 gxh5 27. Bf6 Ne5
28. Qxd4 Nxf3+ 29. gxf3 Qd7 30. Rxc5 Rb5 31. Rxb5 Qxb5 32. Bc4 Qa5 33. b4 Qa3
34. Qd2 h6 35. Kg2 Bc6 36. b5 Bb7 37. Bb2 Qc5 38. Qd4 Qg5+ 39. Kh1 Bg7 40.
Qxg7+ Qxg7 41. Bxg7 Ba6 1-0

[Event "SR 2. liga A 2015/2016"]
[Site "?"]
[Date "2015.12.05"]
[Round "5.3"]
[White "Mikulasek, Viktor"]
[Black "Ondercin, Martin"]
[Result "0-1"]
[WhiteElo "1817"]
[BlackElo "1934"]
[PlyCount "64"]
[EventDate "2015.??.??"]

1. e4 e6 2. d4 d5 3. exd5 exd5 4. Bd3 Bd6 5. Nc3 c6 6. Nf3 Ne7 7. h3 O-O 8. Bg5
f6 9. Be3 Nf5 10. Bxf5 Bxf5 11. Nh4 Be6 12. Qd3 f5 13. Nf3 f4 14. Bc1 Bf5 15.
Qd2 Re8+ 16. Ne2 Nd7 17. Kd1 g5 18. Nh2 Nf6 19. f3 Re6 20. Ng4 {=} Nxg4 21.
hxg4 Bg6 22. Nc3 Qe7 23. Qf2 Re8 24. a3 b5 25. Bd2 b4 26. Nb1 Re2 27. Qf1 b3
28. cxb3 Bd3 29. Qg1 Qb7 30. b4 Qb5 31. Nc3 Qc4 32. Nxe2 Qc2+ 0-1

[Event "SR 2. liga A 2015/2016"]
[Site "?"]
[Date "2015.12.05"]
[Round "5.3"]
[White "Badura, Peter"]
[Black "Zacka, Ladislav"]
[Result "0-1"]
[WhiteElo "1937"]
[BlackElo "1747"]
[PlyCount "78"]
[EventDate "2015.??.??"]

1. e4 c5 2. Nf3 d6 3. c3 a6 4. d4 cxd4 5. cxd4 e6 6. Bd3 Be7 7. Nc3 Nf6 8. Bg5
h6 9. Bxf6 Bxf6 10. O-O O-O 11. Rc1 Nc6 12. Bb1 e5 13. dxe5 dxe5 14. Qb3 Rb8
15. Rfd1 Qe8 16. Nd5 Qe6 17. Qb6 Bd8 18. Qc5 Re8 19. a3 Be7 20. Qb6 Bd8 21. Qc5
Be7 {=} 22. Nxe7+ Qxe7 23. Qb6 Bg4 24. Rd3 Bxf3 25. Rxf3 Nd4 26. Re3 Rec8 27.
Rcc3 Rxc3 28. bxc3 Qxa3 29. h3 Nc6 30. Rf3 Qa5 31. Qb3 Qc7 32. Ba2 Rf8 33. Qc4
Qe7 34. Qd5 Nd8 35. Rf5 Re8 36. Qd3 g6 37. Qg3 Kh7 38. Rf3 Rf8 39. Rd3 Nc6 {
time} 0-1

[Event "SR 2. liga A 2015/2016"]
[Site "?"]
[Date "2015.12.05"]
[Round "5.4"]
[White "Balogh, Peter"]
[Black "Cech, Dominik"]
[Result "0-1"]
[WhiteElo "2132"]
[BlackElo "2109"]
[PlyCount "144"]
[EventDate "2015.??.??"]

1. d4 Nf6 2. c4 g6 3. Nc3 Bg7 4. e4 d6 5. f4 O-O 6. Nf3 Na6 7. Be2 e5 8. O-O
Bg4 9. fxe5 dxe5 10. d5 Bxf3 11. Bxf3 Ne8 12. Be3 c5 13. dxc6 bxc6 14. Qa4 Qc8
15. b4 Nf6 16. Rad1 Nb8 17. b5 cxb5 18. Nxb5 Nbd7 19. Nd6 Qc7 20. Qa3 Rfd8 21.
c5 Rab8 22. Rc1 Nf8 23. Bd2 Rd7 24. Ba5 Qc6 25. Bd1 Nxe4 26. Ba4 Qa6 27. Bxd7
Nxd6 28. cxd6 Nxd7 29. Rc7 e4 30. Qc1 Bd4+ 31. Kh1 Qxd6 32. Rc6 Qd5 33. Rc8+
Rxc8 34. Qxc8+ Kg7 35. Bc3 Ne5 36. Rc1 Nd3 37. Bxd4+ Qxd4 38. Qc3 Qf6 39. Qxf6+
Kxf6 40. Rf1+ Ke6 41. Kg1 Nb4 42. Rf2 f5 43. Kf1 Kd5 44. Rb2 Kc4 45. a3 Nc6 46.
Rc2+ Kd5 47. Rb2 a5 48. Rb7 h5 49. Rg7 Ne5 50. Ra7 Nc6 51. Rg7 Ne5 52. Ke2 Kd4
53. h4 f4 54. Rg8 f3+ 55. gxf3 exf3+ 56. Kf2 Ke4 57. Re8 Kf4 58. Rf8+ Ke4 59.
Kg3 Ke3 60. Rf4 a4 61. Rxa4 f2 62. Rf4 Nd3 63. Rf8 Ke2 64. Re8+ Kf1 65. Rf8 Kg1
66. a4 f1=Q 67. Rxf1+ Kxf1 68. a5 Nb4 69. Kf3 Na6 70. Ke4 Kg2 71. Kf4 Kh3 72.
Kg5 Kg3 0-1

[Event "SR 2. liga A 2015/2016"]
[Site "?"]
[Date "2015.12.05"]
[Round "5.4"]
[White "Bednar, Jan"]
[Black "Takacs, Laszlo"]
[Result "1/2-1/2"]
[WhiteElo "2107"]
[BlackElo "2183"]
[PlyCount "120"]
[EventDate "2015.??.??"]

1. d4 Nf6 2. c4 g6 3. Nc3 Bg7 4. g3 O-O 5. Bg2 d6 6. Nf3 Nc6 7. O-O a6 8. b3
Rb8 9. Bb2 b5 10. d5 Na5 11. cxb5 axb5 12. Nd4 b4 13. Na4 e6 14. e4 exd5 15.
exd5 Bd7 16. Qc2 Bxa4 17. bxa4 Nd7 18. Nb5 Bxb2 19. Qxb2 Nc5 20. Qxb4 Ra8 21.
Nd4 Qf6 22. Nb5 Rfb8 23. Rfd1 Qd8 24. Rac1 Nab7 25. Nc3 Ra5 26. Bf1 Ra7 27. Bb5
Qg5 28. Ne4 Nxe4 29. Qxe4 Nc5 30. Qd4 Rab7 31. Kg2 h5 32. h4 Qg4 33. Qxg4 hxg4
34. Rd4 f5 35. Re1 Kf7 36. Re2 Ra7 37. Rc2 Kf6 38. f3 gxf3+ 39. Kxf3 Rh8 40.
Kf4 Raa8 41. Rdc4 Rh7 42. Rxc5 dxc5 43. Rxc5 Re7 44. Rc6+ Kg7 45. Kg5 Kh7 46.
Re6 Rg7 47. Be8 Kh8 48. Bxg6 Rxa4 49. Re8+ Rg8 50. Rxg8+ Kxg8 51. Bxf5 Kg7 52.
h5 Ra5 53. h6+ Kh8 54. Be6 c6 55. g4 cxd5 56. Kf4 Rxa2 57. Bxd5 Ra4+ 58. Be4
Ra1 59. g5 Rg1 60. g6 Rxg6 1/2-1/2

[Event "SR 2. liga A 2015/2016"]
[Site "?"]
[Date "2015.12.05"]
[Round "5.4"]
[White "Cibulka, Vladimir"]
[Black "Nemsak, Denis"]
[Result "1/2-1/2"]
[WhiteElo "2178"]
[BlackElo "2107"]
[PlyCount "150"]
[EventDate "2015.??.??"]

1. d4 f5 2. Nc3 Nf6 3. Bg5 Ne4 4. Nxe4 fxe4 5. f3 c5 6. dxc5 Qa5+ 7. Qd2 Qxc5
8. O-O-O d6 9. fxe4 Be6 10. Nf3 Nc6 11. Be3 Qc4 12. b3 Qxe4 13. Kb1 Bf5 14. Ng5
Qb4 15. Bf2 h6 16. Qxb4 Nxb4 17. e4 Bg6 18. Bb5+ Nc6 19. Ne6 Kd7 20. Bc4 b6 21.
Rhe1 Bh5 22. Rd2 Bf7 23. Nc5+ Ke8 24. Bb5 Rc8 25. Nd3 Be6 26. e5 Kf7 27. exd6
exd6 28. Nf4 Ne5 29. Nxe6 Kxe6 30. Bd4 Rc7 31. Rde2 Kf7 32. Bxe5 dxe5 33. Bc4+
Kf6 34. Rxe5 g5 35. Re8 Kg7 36. R1e6 Rf7 37. Re1 Rf2 38. R1e2 Rxe2 39. Rxe2 Bd6
40. h3 Rf8 41. Kb2 a5 42. Kc3 Bc5 43. Bd5 Rf4 44. Bf3 Rf7 45. Kc4 Re7 46. Rd2
Bb4 47. Re2 Rxe2 48. Bxe2 Kf6 49. c3 Bc5 50. b4 axb4 51. cxb4 Bf2 52. a4 Ke6
53. a5 bxa5 54. bxa5 Kd6 55. a6 Bb6 56. Bh5 Ba7 57. Kd3 Ke5 58. Bf3 Bb6 59. g3
Ba7 60. Bb7 h5 61. Ke2 Bb6 62. Kf3 h4 63. Kg4 hxg3 64. Kxg5 Ke6 65. Kg6 Kd6 66.
h4 Kc7 67. Kf5 Kb8 68. Kf4 Bc7+ 69. Kf3 Ka7 70. h5 Be5 71. h6 Kb6 72. h7 Ka7
73. Ke2 Bd4 74. Kd3 Bh8 75. Ke3 Kb6 1/2-1/2

[Event "SR 2. liga A 2015/2016"]
[Site "?"]
[Date "2015.12.05"]
[Round "5.4"]
[White "Petrik, Karol"]
[Black "Kalmar, Tamas"]
[Result "1-0"]
[WhiteElo "2073"]
[BlackElo "2008"]
[PlyCount "101"]
[EventDate "2015.??.??"]

1. e4 c6 2. c4 d5 3. exd5 cxd5 4. cxd5 Nf6 5. Nc3 Nxd5 6. Bc4 Nxc3 7. Qb3 e6 8.
dxc3 Be7 9. Bf4 O-O 10. Rd1 Nd7 11. Bb5 e5 12. Bxd7 exf4 13. Bxc8 Qxc8 14. Nf3
Bf6 15. O-O g5 16. Qb5 Qc6 17. Qxc6 bxc6 18. Rd6 Kg7 19. Rxc6 Rfd8 20. h3 h5
21. Re1 Rd3 22. Kf1 Rb8 23. Ke2 Rd5 24. b3 Rbd8 25. Rc4 Kg6 26. Nd4 Bxd4 27.
cxd4 Rxd4 28. Rxd4 Rxd4 29. Rc1 Rd6 30. Rc2 g4 31. Rc4 Kg5 32. h4+ Kxh4 33.
Rxf4 Kg5 34. Rxf7 Ra6 35. a4 Rb6 36. Rxa7 Rxb3 37. Ra5+ Kg6 38. Rb5 Ra3 39. Rb4
Kg5 40. g3 Kf5 41. Rb5+ Kg6 42. a5 Ra2+ 43. Ke3 Ra3+ 44. Kd4 Ra2 45. Kc5 Rxf2
46. a6 Ra2 47. Kb6 h4 48. gxh4 Kh6 49. a7 g3 50. Rg5 Rb2+ 51. Ka6 1-0

[Event "SR 2. liga A 2015/2016"]
[Site "?"]
[Date "2015.12.05"]
[Round "5.4"]
[White "Veselsky, Jozef"]
[Black "Krajnak, Robert"]
[Result "0-1"]
[WhiteElo "2080"]
[BlackElo "2059"]
[PlyCount "104"]
[EventDate "2015.??.??"]

1. d4 Nf6 2. Nf3 e6 3. c4 b6 4. g3 Ba6 5. b3 Bb4+ 6. Bd2 Be7 7. Bg2 Bb7 8. Nc3
c5 9. dxc5 Bxc5 10. O-O O-O 11. Qc2 Nc6 12. a3 a6 13. b4 Be7 14. Rfd1 Rc8 15.
Qb3 d6 16. Rac1 Rc7 17. Be3 Rd7 18. Na4 b5 19. Nb6 bxc4 20. Rxc4 Rc7 21. Na4
Nd5 22. Bd2 Qb8 23. e4 Nf6 24. Rdc1 Nd7 25. Be3 Rcc8 26. Bf4 Ba8 27. Qc2 Qb5
28. Bf1 Qh5 29. Qe2 Bb7 30. Rd1 e5 31. Be3 f5 32. Nh4 Qxe2 33. Bxe2 f4 34. Bc1
Bxh4 35. gxh4 Nd4 36. Rxc8 Rxc8 37. Bg4 Rc7 38. Bb2 Nf6 39. Bxd4 Nxg4 40. Bb6
Rc6 41. f3 Nf6 42. Bf2 Kf7 43. Kg2 Ke6 44. Rd3 Rc2 45. Rc3 Ra2 46. Nb6 Bxe4 47.
Rc7 Ng4 48. fxe4 Rxf2+ 49. Kg1 f3 50. Nd5 Rg2+ 51. Kf1 Nxh2+ 52. Ke1 f2+ 0-1

[Event "SR 2. liga A 2015/2016"]
[Site "?"]
[Date "2015.12.05"]
[Round "5.4"]
[White "Goga, Frantisek"]
[Black "Darazs, Zoltan"]
[Result "0-1"]
[WhiteElo "1985"]
[BlackElo "2157"]
[PlyCount "94"]
[EventDate "2015.??.??"]

1. e4 c5 2. Nf3 Nc6 3. Bb5 g6 4. c3 Bg7 5. O-O e5 6. Re1 Nge7 7. Na3 O-O 8. Nc2
a6 9. Bf1 d5 10. exd5 Nxd5 11. d4 cxd4 12. cxd4 Bg4 13. h3 Bxf3 14. Qxf3 exd4
15. Bc4 Nb6 16. Bd3 Ne5 17. Qg3 Nxd3 18. Qxd3 Qd6 19. Bg5 Rfe8 20. Rad1 Rxe1+
21. Rxe1 Qd5 22. Bc1 Qxa2 23. Nxd4 Rd8 24. Qb3 Qxb3 25. Nxb3 Nc4 26. Nc5 Bxb2
27. Bxb2 Nxb2 28. Rb1 Rd1+ 29. Rxd1 Nxd1 30. Nxb7 Kg7 31. Kf1 Kf6 32. Nc5 a5
33. Na4 Ke5 34. Ke2 Nxf2 35. Kxf2 Kd4 36. Kf3 Kc4 37. Ke4 f6 38. Nb6+ Kb5 39.
Nd5 f5+ 40. Ke5 Kc4 41. h4 Kd3 42. Nb6 Ke3 43. h5 Kf2 44. hxg6 hxg6 45. Nd5 a4
46. Kd4 g5 47. Ke5 a3 0-1

[Event "SR 2. liga A 2015/2016"]
[Site "?"]
[Date "2015.12.05"]
[Round "5.4"]
[White "Marosi, Csaba"]
[Black "Orosi, Peter"]
[Result "0-1"]
[WhiteElo "2020"]
[BlackElo "2017"]
[PlyCount "110"]
[EventDate "2015.??.??"]

1. e4 d5 2. exd5 Qxd5 3. Nc3 Qd6 4. d4 Nf6 5. Bc4 a6 6. Nge2 b5 7. Bf4 Qb6 8.
Bd5 Bb7 9. Bxb7 Qxb7 10. f3 e6 11. Qd3 Nbd7 12. O-O-O Be7 13. g4 O-O 14. Ng3 c5
15. Nge4 c4 16. Qe2 b4 17. Nxf6+ Nxf6 18. Ne4 Nd5 19. Bd6 Nc3 20. Qxc4 Nxd1 21.
Bxe7 Nxb2 22. Qxb4 Rfb8 23. Qxb7 Rxb7 24. Bc5 Nc4 25. Nd2 Rab8 26. Nb3 a5 27.
a4 f6 28. Re1 Kf7 29. f4 Ra8 30. Re2 Nb6 31. Bxb6 Rxb6 32. Nc5 Rd8 33. c3 Rdb8
34. Ra2 Rb1+ 35. Kc2 Rf1 36. Nd3 Rh1 37. Nf2 Rxh2 38. Kd3 h5 39. gxh5 Rb1 40.
Ke3 Rg1 41. c4 Rg3+ 42. Ke2 Rc3 43. c5 Ke7 44. Rb2 Kd7 45. Kf1 Rc1+ 46. Ke2 Ra1
47. Ke3 Ra3+ 48. Ke2 Rxa4 49. Ke3 Ra3+ 50. Ke2 a4 51. Kf1 Ra1+ 52. Ke2 a3 53.
Rc2 Rxf2+ 54. Kxf2 a2 55. Re2 Rh1 0-1

[Event "SR 2. liga A 2015/2016"]
[Site "?"]
[Date "2015.12.05"]
[Round "5.4"]
[White "Jelenciak, Jozef"]
[Black "Meszaros, Lorant"]
[Result "0-1"]
[WhiteElo "1874"]
[BlackElo "1991"]
[PlyCount "82"]
[EventDate "2015.??.??"]

1. e4 e5 2. Nf3 Nc6 3. Bb5 a6 4. Bxc6 dxc6 5. O-O Qd6 6. Na3 Be6 7. Ng5 Bd7 8.
Nc4 Qg6 9. d4 f6 10. Nf3 O-O-O 11. Qe2 exd4 12. Bf4 Bc5 13. Rfd1 Bg4 14. c3 Ne7
15. b4 Bxf3 16. Qxf3 Ba7 17. cxd4 Rxd4 18. Rxd4 Bxd4 19. Re1 Qf7 20. a4 Ng6 21.
b5 axb5 22. axb5 Nxf4 23. Qxf4 c5 24. b6 Rd8 25. g3 Qd7 26. Re2 Be5 27. Qf5
Qxf5 28. exf5 cxb6 29. Nxb6+ Kc7 30. Nc4 Kc6 31. Kf1 b5 32. Nxe5+ fxe5 33. Kg2
c4 34. g4 Kc5 35. Ra2 Rd4 36. Ra8 c3 37. g5 Kb4 38. f6 gxf6 39. gxf6 c2 40. Rc8
Kb3 41. Rc5 b4 0-1

[Event "SR 2. liga A 2015/2016"]
[Site "?"]
[Date "2015.12.05"]
[Round "5.5"]
[White "Privara, Igor"]
[Black "Janos, Martin"]
[Result "0-1"]
[WhiteElo "2182"]
[BlackElo "2248"]
[PlyCount "86"]
[EventDate "2015.??.??"]

1. e4 c5 2. c3 d5 3. exd5 Qxd5 4. d4 Nf6 5. Nf3 Nc6 6. dxc5 Qxc5 7. Be2 e5 8.
Be3 Qd6 9. O-O Bf5 10. Qa4 Bd7 11. Qc2 Be7 12. Na3 Rd8 13. Nc4 Qb8 14. a4 O-O
15. Rad1 Bg4 16. h3 Bh5 17. b4 e4 18. Nd4 Bxe2 19. Qxe2 Nd5 20. Nxc6 bxc6 21.
Bd4 f5 22. Be5 Qc8 23. f3 Qe6 24. fxe4 fxe4 25. Rxf8+ Rxf8 26. Re1 e3 27. Nxe3
Bh4 28. Nxd5 Bxe1 29. Nc7 Bf2+ 30. Kh1 Qg6 31. Kh2 Qb1 32. h4 Bg1+ 33. Kh3 Qf5+
34. g4 Qf7 35. Bg3 Bb6 36. Na6 h5 37. gxh5 Qf5+ 38. Kh2 Qf7 39. a5 Re8 40. Qd3
Bf2 41. h6 Re3 42. Qd8+ Kh7 43. Bd6 Qf5 0-1

[Event "SR 2. liga A 2015/2016"]
[Site "?"]
[Date "2015.12.05"]
[Round "5.5"]
[White "Fabry, Robert"]
[Black "Jancovic, Peter"]
[Result "0-1"]
[WhiteElo "2114"]
[BlackElo "2179"]
[PlyCount "70"]
[EventDate "2015.??.??"]

1. Nf3 b6 2. b3 Bb7 3. e3 Nf6 4. Bb2 e6 5. Be2 Be7 6. O-O O-O 7. c4 d6 8. d4
Nbd7 9. Nc3 Re8 10. Qc2 c5 11. Rfd1 Rc8 12. d5 exd5 13. cxd5 a6 14. a4 Bf8 15.
Bc4 g6 16. Qd3 Ra8 17. Rab1 Ng4 18. h3 Nge5 19. Nxe5 Nxe5 20. Qc2 Bc8 21. Be2
Bg7 22. Qd2 Qh4 23. Re1 Bf5 24. e4 Bh6 25. Qc2 Bd7 26. Bc1 g5 27. Qd2 f5 28.
Rf1 fxe4 29. g3 Qxh3 30. Nxe4 Qf5 31. Nc3 Nf3+ 32. Bxf3 Qxf3 33. Kh2 Bh3 34.
Kxh3 g4+ 35. Kh2 Bxd2 0-1

[Event "SR 2. liga A 2015/2016"]
[Site "?"]
[Date "2015.12.05"]
[Round "5.5"]
[White "Slapak, Zdenek"]
[Black "Tepper, Frantisek"]
[Result "1/2-1/2"]
[WhiteElo "2120"]
[BlackElo "2136"]
[PlyCount "121"]
[EventDate "2015.??.??"]

1. c4 Nf6 2. Nc3 e5 3. Nf3 d6 4. e3 Be7 5. Be2 O-O 6. O-O c6 7. b3 Re8 8. Bb2
Nbd7 9. d4 Qc7 10. Rc1 Nf8 11. Qc2 Ng6 12. Rfd1 a6 13. a4 Bd7 14. h3 Rad8 15.
Bd3 Qc8 16. Bxg6 hxg6 17. dxe5 dxe5 18. Nxe5 Bxh3 19. gxh3 Bd6 20. Rxd6 Rxd6
21. Ne2 Qxh3 22. c5 Ng4 23. Nxg4 Qxg4+ 24. Ng3 Rd7 25. Kg2 Red8 26. Qc3 f6 27.
Qc4+ Qxc4 28. Rxc4 f5 29. Kf3 Kf7 30. Ne2 g5 31. Rd4 g6 32. b4 Ke6 33. e4 Rf8
34. Rxd7 Kxd7 35. Bd4 Ke6 36. Ke3 Rf7 37. Nc3 Rh7 38. Kd3 f4 39. b5 axb5 40.
axb5 g4 41. bxc6 bxc6 42. Nb1 Rh3+ 43. Ke2 g3 44. fxg3 Rxg3 45. Nd2 g5 46. Nf3
g4 47. Ng5+ Kd7 48. e5 Rg2+ 49. Kf1 Rd2 50. e6+ Ke7 51. Bf6+ Kxf6 52. Ne4+ Kxe6
53. Nxd2 Kd5 54. Ke2 Kxc5 55. Ne4+ Kd4 56. Nf6 g3 57. Kf3 c5 58. Nh5 g2 59.
Kxg2 Ke3 60. Kf1 c4 61. Nf6 1/2-1/2